[Event "Championnat de Paris Open A"]
[Site "Paris"]
[Date "2012.07.08"]
[Round "2.27"]
[White "O'Brien, Cormac P"]
[Black "Guiot, Jerome"]
[Result "1-0"]
[WhiteElo "2013"]
[BlackElo "2110"]
[PlyCount "73"]
[EventDate "2012.??.??"]

1. e4 c5 2. Nf3 Nc6 3. Bb5 g6 4. O-O Bg7 5. d3 Nf6 6. Nc3 O-O 7. Be3 d6 8. h3
e5 9. Bxc6 bxc6 10. Nd2 Rb8 11. Nb3 Nh5 12. Qd2 f5 13. exf5 gxf5 14. Bg5 Qe8
15. Rae1 Qg6 16. Kh2 h6 17. Bh4 Kh7 18. f3 Nf4 19. g3 Nh5 20. Ne2 Rg8 21. Rg1
Bd7 22. c3 Rbe8 23. Rd1 Bf8 24. g4 fxg4 25. fxg4 Ng7 26. Rdf1 Be7 27. Bxe7 Rxe7
28. Ng3 Rf7 29. Rxf7 Qxf7 30. Rf1 Qe7 31. Qf2 Be8 32. Ne4 Kh8 33. Qe3 Qh4 34.
Rf6 Kh7 35. Nbd2 d5 36. Nf3 d4 37. Qxh6+ 1-0

[Event "Championnat de Paris Open A"]
[Site "Paris"]
[Date "2012.07.08"]
[Round "2.28"]
[White "Herve, Pierre"]
[Black "Jamain, Florian"]
[Result "1-0"]
[WhiteElo "2109"]
[BlackElo "1883"]
[PlyCount "79"]
[EventDate "2012.??.??"]

1. e4 c5 2. Nc3 a6 3. a4 e6 4. Bc4 Nc6 5. d3 h6 6. Nf3 Nge7 7. O-O d5 8. Bb3 d4
9. Ne2 e5 10. Nd2 g5 11. Ng3 Bg7 12. Qh5 O-O 13. Nf3 Qd6 14. Nxg5 hxg5 15. Bxg5
Be6 16. f4 Bxb3 17. fxe5 Bxe5 18. cxb3 Qg6 19. Qh4 f6 20. Bf4 Rf7 21. Bxe5 Nxe5
22. Nh5 Raf8 23. Rf4 f5 24. Raf1 Nxd3 25. R4f3 fxe4 26. Nf6+ Rxf6 27. Rxf6 Rxf6
28. Rxf6 Qg7 29. Re6 Kf8 30. Qxe4 Nxb2 31. Qxb7 d3 32. Rd6 Qg5 33. Rd8+ Kf7 34.
Qf3+ Qf5 35. Qe3 Nd5 36. Qe8+ Kf6 37. Rd6+ Kg5 38. Qg8+ Kf4 39. Rxd5 Qe4 40.
Qg3# 1-0

[Event "Championnat de Paris Open A"]
[Site "Paris"]
[Date "2012.07.08"]
[Round "2.29"]
[White "Gros, Alexandre"]
[Black "Mircescu, Ovidiu"]
[Result "1-0"]
[WhiteElo "1988"]
[BlackElo "2106"]
[PlyCount "95"]
[EventDate "2012.??.??"]

1. Nf3 d6 2. d4 Bg4 3. g3 Bxf3 4. exf3 g6 5. f4 Bg7 6. Bg2 c6 7. O-O Nf6 8. b3
O-O 9. Bb2 d5 10. Nd2 Re8 11. Re1 Nbd7 12. Nf3 Ne4 13. Ne5 Nd6 14. Rc1 Nf6 15.
c4 Nf5 16. Qd3 Qa5 17. a3 Rad8 18. b4 Qa6 19. b5 cxb5 20. cxb5 Qb6 21. Rc5 e6
22. Rec1 Nd6 23. a4 Nd7 24. Qd2 Bxe5 25. a5 Nxc5 26. axb6 Nb3 27. Qd1 Nxc1 28.
fxe5 Nxb5 29. Bxc1 Rc8 30. Bh6 a6 31. Bf1 Nc3 32. Qf3 f5 33. exf6 Kf7 34. Bf4
Rc6 35. Bxa6 bxa6 36. b7 Nb5 37. b8=Q Rxb8 38. Bxb8 Nxd4 39. Qe3 Nf5 40. Qf4 h5
41. Be5 d4 42. Qe4 Rb6 43. Qc2 Rb7 44. Qc8 Rb5 45. Qd7+ Kf8 46. Bd6+ Nxd6 47.
Qe7+ Kg8 48. Qg7# 1-0

[Event "Championnat de Paris Open A"]
[Site "Paris"]
[Date "2012.07.08"]
[Round "2.30"]
[White "Hallay, Axel"]
[Black "Gidel, Jean-Louis"]
[Result "1/2-1/2"]
[WhiteElo "1983"]
[BlackElo "2101"]
[PlyCount "119"]
[EventDate "2012.??.??"]

1. d4 d5 2. c4 c6 3. Nf3 Nf6 4. Nc3 dxc4 5. a4 Bf5 6. e3 e6 7. Bxc4 Bb4 8. O-O
O-O 9. Qe2 Bg4 10. h3 Bh5 11. Rd1 Qe7 12. e4 Nbd7 13. a5 Rac8 14. g4 Bg6 15.
Bg5 h6 16. Bh4 e5 17. d5 Bxc3 18. bxc3 cxd5 19. Rxd5 Qe6 20. Rc5 Qd6 21. Rxc8
Rxc8 22. Nd2 Nc5 23. Bxf6 Qxf6 24. Bd5 Ne6 25. Bxe6 Qxe6 26. Qe3 Qa6 27. c4 f6
28. f3 Bf7 29. c5 Qb5 30. Rb1 Qxc5 31. Qxc5 Rxc5 32. Rxb7 Rxa5 33. Nf1 Ra1 34.
Kf2 a5 35. Ra7 a4 36. Ne3 g6 37. Nd5 Bxd5 38. exd5 Rd1 39. Rxa4 Rxd5 40. Ke3
Rd7 41. f4 exf4+ 42. Kxf4 Kg7 43. h4 g5+ 44. hxg5 hxg5+ 45. Kf3 Kg6 46. Rb4
Rd3+ 47. Kg2 Kf7 48. Re4 Ra3 49. Kf2 Ra5 50. Kf3 f5 51. gxf5 Rxf5+ 52. Kg4 Kg6
53. Re6+ Rf6 54. Rxf6+ Kxf6 55. Kg3 Kg7 56. Kg4 Kg6 57. Kg3 Kh5 58. Kh3 g4+ 59.
Kg3 Kg5 60. Kg2 1/2-1/2

[Event "Championnat de Paris Open A"]
[Site "Paris"]
[Date "2012.07.08"]
[Round "2.31"]
[White "Pruvot, Louis"]
[Black "Ecalle, Aurelien"]
[Result "1-0"]
[WhiteElo "2100"]
[BlackElo "1856"]
[PlyCount "107"]
[EventDate "2012.??.??"]

1. d4 Nf6 2. c4 e6 3. Nf3 b6 4. g3 Bb7 5. Bg2 Bb4+ 6. Bd2 Qe7 7. O-O Bxd2 8.
Qxd2 d6 9. Nc3 O-O 10. d5 e5 11. e4 Bc8 12. Nh4 Bg4 13. f4 exf4 14. Qxf4 Nbd7
15. Nf5 Bxf5 16. Qxf5 a6 17. Qg5 Ne5 18. Rf5 h6 19. Qh4 Ng6 20. Qh3 Nd7 21.
Raf1 Nde5 22. b3 Qd7 23. Qh5 Rae8 24. Ne2 Qe7 25. Nd4 Qd8 26. Qe2 Qb8 27. h4 b5
28. cxb5 Qa7 29. Qd2 axb5 30. Kh1 Qb6 31. h5 Ne7 32. R5f2 Ng4 33. Rf4 Ne5 34.
Bh3 Qb8 35. a4 bxa4 36. bxa4 Qa7 37. a5 Ra8 38. Ra1 Qc5 39. a6 Ra7 40. Ne6 fxe6
41. Bxe6+ Nf7 42. Rxf7 Rxf7 43. Qf4 Qd4 44. Bxf7+ Kh7 45. Bg6+ Kh8 46. Qf8+ Ng8
47. Rb1 Qf6 48. Rb8 Qxf8 49. Rxf8 Rxa6 50. Bf7 Ra1+ 51. Kg2 Ra2+ 52. Kh3 Rf2
53. Rxg8+ Kh7 54. Rf8 1-0

[Event "Championnat de Paris Open A"]
[Site "Paris"]
[Date "2012.07.08"]
[Round "2.32"]
[White "Grigorian, Roudolph"]
[Black "Ralle, Pierre"]
[Result "1/2-1/2"]
[WhiteElo "1944"]
[BlackElo "2100"]
[PlyCount "74"]
[EventDate "2012.??.??"]

1. e4 e6 2. d4 d5 3. Nd2 Nc6 4. Ngf3 Nf6 5. e5 Nd7 6. c3 f6 7. exf6 Qxf6 8. Bd3
Bd6 9. Qb3 O-O 10. Nf1 Nb6 11. Bg5 Qf7 12. Qc2 Qh5 13. h4 Rxf3 14. gxf3 e5 15.
O-O-O exd4 16. Ng3 Qf7 17. Bxh7+ Kh8 18. Qg6 Ne5 19. Qxf7 Nxf7 20. Bg6 Ne5 21.
h5 Nxf3 22. Bd2 Nc4 23. Be1 Bf4+ 24. Kc2 Bg4 25. Bf5 Bxg3 26. Bxg4 Nxe1+ 27.
Rdxe1 Bxf2 28. cxd4 Ne3+ 29. Rxe3 Bxe3 30. Kd3 Bg5 31. Re1 {=} 31... Rd8 32.
Rf1 Bf6 33. Bf5 b6 34. b4 Rd6 35. Re1 Rd8 36. b5 Bg5 37. Bg6 Kg8 1/2-1/2

[Event "Championnat de Paris Open A"]
[Site "Paris"]
[Date "2012.07.08"]
[Round "2.33"]
[White "Maillot, Gregory"]
[Black "Bouton, Christophe"]
[Result "1-0"]
[WhiteElo "1912"]
[BlackElo "2092"]
[PlyCount "41"]
[EventDate "2012.??.??"]

1. e4 c5 2. Nf3 e6 3. d4 cxd4 4. Nxd4 Nf6 5. Nc3 Nc6 6. Ndb5 Bb4 7. a3 Bxc3+ 8.
Nxc3 d5 9. exd5 exd5 10. Bd3 O-O 11. O-O Bg4 12. f3 Be6 13. Qe1 d4 14. Ne4 h6
15. Nxf6+ Qxf6 16. Qe4 Rfd8 17. Re1 Rac8 18. Bd2 Rd5 19. Qh7+ Kf8 20. Qh8+ Ke7
21. Qxc8 1-0

[Event "Championnat de Paris Open A"]
[Site "Paris"]
[Date "2012.07.08"]
[Round "2.34"]
[White "Comes, Didier"]
[Black "Ben Khelifa, Noomene"]
[Result "1-0"]
[WhiteElo "1864"]
[BlackElo "2081"]
[PlyCount "77"]
[EventDate "2012.??.??"]

1. e4 c5 2. Nf3 d6 3. d4 cxd4 4. Nxd4 Nf6 5. Nc3 a6 6. Be3 e5 7. Nf3 Be6 8. h3
Nbd7 9. Ng5 Qc7 10. Bd3 b5 11. a3 Be7 12. O-O O-O 13. Qe2 h6 14. Nf3 d5 15.
exd5 Nxd5 16. Nxd5 Bxd5 17. Nd2 f5 18. c4 Bc6 19. cxb5 axb5 20. Rac1 Qb7 21. f3
e4 22. fxe4 fxe4 23. Bc2 Ne5 24. Bd4 Nd3 25. Qg4 Bc5 26. Bxc5 Nxc5 27. b4 Rad8
28. Rxf8+ Kxf8 29. bxc5 Rxd2 30. Qf4+ Kg8 31. Qxd2 Kh7 32. Re1 Qe7 33. Qe3 Kh8
34. Bxe4 Bxe4 35. Qd4 Qg5 36. Rxe4 Qc1+ 37. Kh2 Kg8 38. Qd5+ Kf8 39. Qf5+ 1-0

[Event "Championnat de Paris Open A"]
[Site "Paris"]
[Date "2012.07.08"]
[Round "2.35"]
[White "O'Sullivan, Thomas"]
[Black "Andersen, Rune Egede"]
[Result "1-0"]
[WhiteElo "1843"]
[BlackElo "2076"]
[PlyCount "141"]
[EventDate "2012.??.??"]

1. d4 d5 2. c4 dxc4 3. e3 Nf6 4. Bxc4 e6 5. Nf3 c5 6. O-O a6 7. a4 Nc6 8. Qe2
Qc7 9. Nc3 Bd6 10. Rd1 O-O 11. dxc5 Bxc5 12. e4 Ng4 13. Be3 Nxe3 14. fxe3 Ne5
15. Nd4 Rd8 16. Ba2 b6 17. Rab1 Bb7 18. Rd2 Bb4 19. Rc1 Qe7 20. Qh5 Ng6 21. Bb1
Rac8 22. Rf2 Rc5 23. Qe2 Ne5 24. Na2 Rxc1+ 25. Nxc1 Qg5 26. Nd3 Bd6 27. Nf4 Ng4
28. Rf3 Bxf4 29. Rxf4 Nf6 30. Nb3 e5 31. Rf5 Qg4 32. Qxg4 Nxg4 33. Rf1 Nxe3 34.
Re1 Nc4 35. Ba2 Nxb2 36. a5 bxa5 37. Nc5 Bc6 38. Rf1 Be8 39. Rf5 Kf8 40. Ne6+
Ke7 41. Nxd8 Kxd8 42. Rxe5 a4 43. Rd5+ Kc7 44. Kf2 Bb5 45. Ke3 Kb6 46. Kd2 Bc6
47. Rd8 a3 48. e5 Kc5 49. Kc3 a5 50. Bxf7 a4 51. e6 Nc4 52. e7 a2 53. Rd1 Ne3
54. Ra1 Nd5+ 55. Bxd5 Kxd5 56. Rxa2 Kd6 57. Re2 Be8 58. Kd4 Kd7 59. Kc5 a3 60.
Ra2 Kxe7 61. Rxa3 Kf6 62. Kd6 g6 63. Ra5 Bf7 64. Ra3 Bc4 65. Rf3+ Kg5 66. Ke5
h5 67. Rg3+ Kh4 68. Rxg6 Be2 69. Kf4 Bc4 70. Rg3 Be6 71. Rh3+ 1-0

[Event "Championnat de Paris Open A"]
[Site "Paris"]
[Date "2012.07.08"]
[Round "2.36"]
[White "Reubrez, Christophe"]
[Black "Bourges, Jerome"]
[Result "0-1"]
[WhiteElo "1815"]
[BlackElo "2069"]
[PlyCount "56"]
[EventDate "2012.??.??"]

1. e4 g6 2. d4 Bg7 3. Nf3 c5 4. c3 cxd4 5. cxd4 d5 6. e5 Nh6 7. Bd3 O-O 8. O-O
Nc6 9. a3 Bg4 10. Be2 Nf5 11. Be3 f6 12. exf6 Bxf6 13. Ne5 Bxe2 14. Nxc6 bxc6
15. Qxe2 Nxd4 16. Bxd4 Bxd4 17. Qe6+ Kh8 18. Qxc6 Rxf2 19. Rxf2 Rc8 20. Qxc8
Bxf2+ 21. Kxf2 Qxc8 22. Nc3 d4 23. Nd1 Qc2+ 24. Kf1 d3 25. h3 e5 26. b4 e4 27.
Kg1 d2 28. Kf2 Qc1 0-1

[Event "Championnat de Paris Open A"]
[Site "Paris"]
[Date "2012.07.08"]
[Round "2.37"]
[White "Regoli, Stephane"]
[Black "Stark, Gabriel"]
[Result "1-0"]
[WhiteElo "2248"]
[BlackElo "1837"]
[PlyCount "59"]
[EventDate "2012.??.??"]

1. e4 e6 2. Qe2 c5 3. Nf3 Be7 4. g3 d5 5. d3 Nf6 6. Bg2 Nc6 7. O-O dxe4 8. dxe4
e5 9. c3 Bg4 10. h3 Bh5 11. a4 O-O 12. Na3 Bxf3 13. Qxf3 Na5 14. Qf5 Bd6 15.
Bg5 a6 16. Rad1 Qe7 17. Bxf6 gxf6 18. Nc2 Rad8 19. Ne3 Qe6 20. Qh5 Kh8 21. Bf3
Rg8 22. Bg4 Qe8 23. Bf5 Rg7 24. Ng4 Be7 25. Qh6 Qxa4 26. Rxd8+ Bxd8 27. Bxh7
Qc6 28. Rd1 Be7 29. Bf5+ Kg8 30. Rd7 1-0

[Event "Championnat de Paris Open A"]
[Site "Paris"]
[Date "2012.07.08"]
[Round "2.38"]
[White "Pozdnjakov, Viatcheslav"]
[Black "Renault, Nicolas"]
[Result "1-0"]
[WhiteElo "2242"]
[BlackElo "1957"]
[PlyCount "53"]
[EventDate "2012.??.??"]

1. d4 Nf6 2. Nf3 g6 3. c4 Bg7 4. Nc3 O-O 5. e4 d6 6. Be2 e5 7. O-O Nc6 8. d5
Ne7 9. Ne1 Nd7 10. Be3 f5 11. f3 f4 12. Bf2 g5 13. Nb5 Nf6 14. Nxa7 Bd7 15. c5
h5 16. Qb3 Rb8 17. cxd6 cxd6 18. Qb6 Qxb6 19. Bxb6 Nc8 20. Nxc8 Rfxc8 21. Nd3
Rc2 22. Rf2 Bb5 23. a4 Rxe2 24. Rxe2 Bxd3 25. Rd2 Nd7 26. Bc7 Ra8 27. Rxd3 1-0

[Event "Championnat de Paris Open A"]
[Site "Paris"]
[Date "2012.07.08"]
[Round "2.39"]
[White "Hassine, Daniel"]
[Black "Louis, Thibault"]
[Result "0-1"]
[WhiteElo "1991"]
[BlackElo "2151"]
[PlyCount "86"]
[EventDate "2012.??.??"]

1. d4 Nf6 2. Nf3 e6 3. c4 Bb4+ 4. Bd2 a5 5. g3 d6 6. Bg2 Nbd7 7. O-O e5 8. Bg5
exd4 9. Nxd4 h6 10. Bf4 O-O 11. Qc2 Re8 12. Rd1 Bc5 13. Nc3 Nf8 14. Nb3 Ba7 15.
c5 Ne6 16. Nb5 Nxf4 17. gxf4 a4 18. Nxa7 Rxa7 19. Nd4 Nh5 20. e3 Ra5 21. cxd6
cxd6 22. Rac1 Bg4 23. Rd3 Qh4 24. f3 Rc5 25. Rc3 Bh3 26. Bxh3 Qxh3 27. Rxc5
dxc5 28. Qxc5 Rxe3 29. Nf5 Re2 30. Ne7+ Kh7 31. Qf5+ Qxf5 32. Nxf5 Rxb2 33. Rc7
Nxf4 34. Rxf7 Kg6 35. Nd6 Nh3+ 36. Kf1 b5 37. Rb7 b4 38. Nc4 Rxh2 39. Rxb4 Rxa2
40. Nb6 a3 41. Ra4 Rf2+ 42. Ke1 a2 43. Nd5 Rb2 0-1

[Event "Championnat de Paris Open A"]
[Site "Paris"]
[Date "2012.07.08"]
[Round "2.40"]
[White "Dumas, Charles"]
[Black "Pluyaud, Benoit"]
[Result "0-1"]
[WhiteElo "1967"]
[BlackElo "2150"]
[PlyCount "58"]
[EventDate "2012.??.??"]

1. e4 e5 2. Nc3 d6 3. Bc4 Be7 4. d3 Nf6 5. f4 O-O 6. f5 c6 7. Bb3 b5 8. a3 d5
9. Qf3 b4 10. axb4 Bxb4 11. Bd2 Bb7 12. Nge2 dxe4 13. dxe4 c5 14. O-O-O Qa5 15.
Kb1 Nc6 16. Bg5 Bxc3 17. Bxf6 gxf6 18. Qg4+ Kh8 19. Nxc3 Nd4 20. Qh4 Qa6 21.
Bd5 Rab8 22. Bxb7 Rxb7 23. Nd5 Rfb8 24. b4 Rxb4+ 25. Nxb4 Rxb4+ 26. Kc1 Ne2+
27. Kd2 Nf4 28. Qg4 Rxe4 29. Rhe1 Qa5+ 0-1

[Event "Championnat de Paris Open A"]
[Site "Paris"]
[Date "2012.07.08"]
[Round "2.41"]
[White "Valenti, Richard"]
[Black "Raimbault, Pierre"]
[Result "1/2-1/2"]
[WhiteElo "2149"]
[BlackElo "1944"]
[PlyCount "63"]
[EventDate "2012.??.??"]

1. g3 c5 2. Bg2 Nc6 3. e4 d6 4. d3 g6 5. Nf3 Bg7 6. O-O e6 7. a4 Nge7 8. Nbd2
O-O 9. Nc4 d5 10. Ncd2 a6 11. Re1 Qc7 12. c3 Rb8 13. exd5 exd5 14. Nb3 Qb6 15.
Bf4 Ra8 16. Bd6 c4 17. dxc4 dxc4 18. Nbd2 Be6 19. Rxe6 fxe6 20. Nxc4 Qd8 21.
Qe2 Kh8 22. Ng5 Rf6 23. Ne4 Rf7 24. Ng5 Rf6 25. Nxe6 Qd7 26. Nxg7 Kxg7 27. Bxe7
Nxe7 28. Rd1 Qc7 29. Ne5 Re6 30. f4 Rd8 31. Rxd8 Qxd8 32. h3 {=} 1/2-1/2

[Event "Championnat de Paris Open A"]
[Site "Paris"]
[Date "2012.07.08"]
[Round "2.42"]
[White "Lambert, Romain"]
[Black "Jacques, Christian"]
[Result "1-0"]
[WhiteElo "2138"]
[BlackElo "1940"]
[PlyCount "127"]
[EventDate "2012.??.??"]

1. d4 d5 2. c4 e5 3. dxe5 d4 4. Nf3 Nc6 5. g3 Be6 6. Nbd2 Qd7 7. Bg2 O-O-O 8.
O-O h5 9. h4 Nh6 10. Qb3 Na5 11. Qb5 Nxc4 12. Qxd7+ Rxd7 13. b3 Nxd2 14. Bxd2
Ng4 15. Rac1 g6 16. Bf4 Bg7 17. Rfd1 Re8 18. Rxd4 Rxd4 19. Nxd4 Bxe5 20. Bxe5
Nxe5 21. Nb5 Re7 22. Nd6+ Kb8 23. Nxb7 Bg4 24. Na5 Bxe2 25. Re1 Bb5 26. Kh1 Kc8
27. Bb7+ Kd8 28. a4 Be8 29. f4 Nd3 30. Rd1 Re1+ 31. Rxe1 Nxe1 32. Be4 f5 33.
Bd5 Nc2 34. Kg1 Ke7 35. Nc4 Nd4 36. Ne5 c5 37. Kf2 Kd6 38. Bc4 a5 39. Ke3 Nc2+
40. Kd2 Nd4 41. Bg8 Ke7 42. Kd3 Kf8 43. Bd5 Ke7 {=} 44. Kc4 Kd6 45. Nf7+ Bxf7
46. Bxf7 Ne2 47. Bxg6 Nxg3 48. Kb5 Ne2 49. Bxh5 Nxf4 50. Bf7 Ne6 51. Bxe6 Kxe6
52. Kxc5 f4 53. Kd4 Kf5 54. h5 Kg4 55. h6 f3 {=} 56. Ke3 Kg3 57. h7 f2 58. h8=Q
f1=Q 59. Qe5+ Kg4 60. Qxa5 Qf3+ 61. Kd4 Qxb3 62. Qb5 Qd1+ 63. Kc5 Qc2+ 64. Qc4+
1-0

[Event "Championnat de Paris Open A"]
[Site "Paris"]
[Date "2012.07.08"]
[Round "2.43"]
[White "Guille, Jean-Luc"]
[Black "Gautier, Serge"]
[Result "0-1"]
[WhiteElo "1962"]
[BlackElo "2134"]
[PlyCount "80"]
[EventDate "2012.??.??"]

1. d4 Nf6 2. c4 e6 3. Nc3 Bb4 4. Qc2 O-O 5. a3 Bxc3+ 6. Qxc3 d5 7. Nf3 c5 8.
dxc5 Ne4 9. Qc2 a5 10. e3 Na6 11. Be2 Naxc5 12. O-O Bd7 13. Nd4 Rc8 14. f3 Nf6
15. b4 Na6 16. c5 axb4 17. Bxa6 b3 18. Nxb3 bxa6 19. a4 Qc7 20. Bd2 Bc6 21. Qd3
Nd7 22. Rfc1 Ne5 23. Qxa6 Nc4 24. Rxc4 dxc4 25. Nd4 Rfd8 26. Ba5 Qe5 27. Re1
Ra8 28. Qxc6 Rxa5 29. Qb6 Raa8 30. Nc6 Qc3 31. Re2 Rd2 32. Qb7 Qa1+ 33. Kf2
Rxe2+ 34. Kxe2 Qxa4 35. Ne7+ Kf8 36. Kf2 Qa7 37. Qc6 Kxe7 38. Qd6+ Ke8 39. Qc6+
Kf8 40. Qe4 Kg8 0-1

[Event "Championnat de Paris Open A"]
[Site "Paris"]
[Date "2012.07.08"]
[Round "2.44"]
[White "Goeller, Charles"]
[Black "Partac, Elena"]
[Result "0-1"]
[WhiteElo "1943"]
[BlackElo "2129"]
[PlyCount "62"]
[EventDate "2012.??.??"]

1. e4 c5 2. Nc3 Nc6 3. f4 g6 4. Nf3 Bg7 5. Bb5 Nd4 6. Nxd4 cxd4 7. Ne2 e6 8.
Bd3 Ne7 9. O-O d6 10. Kh1 O-O 11. Qe1 Nc6 12. c3 f5 13. Bc2 fxe4 14. Bxe4 d5
15. Bc2 Bd7 16. Ng1 Qc7 17. Nh3 e5 18. Ng5 h6 19. Nf3 Rxf4 20. Bxg6 e4 21. d3
Rf6 22. Nh4 Rxf1+ 23. Qxf1 Rf8 24. Qe2 Bg4 25. Qe1 Ne5 26. Bxh6 Bxh6 27. dxe4
Nd3 28. Qg3 Nf2+ 29. Kg1 Bf4 30. Qxf2 Bxh2+ 31. Kf1 Rxf2+ 0-1

[Event "Championnat de Paris Open A"]
[Site "Paris"]
[Date "2012.07.08"]
[Round "2.45"]
[White "Ribaud-Chevrey, Philippe"]
[Black "Dagonia, Steve"]
[Result "0-1"]
[WhiteElo "2101"]
[BlackElo "1906"]
[PlyCount "142"]
[EventDate "2012.??.??"]

1. Nc3 Nf6 2. e4 e5 3. f4 d5 4. fxe5 Nxe4 5. Nf3 Bc5 6. d4 Bb4 7. Bd2 Bg4 8.
Bd3 Bxf3 9. Qxf3 Qh4+ 10. g3 Nxd2 11. Qe3 Qxd4 12. Qxd4 Nf3+ 13. Kf2 Nxd4 14.
Nxd5 Ba5 15. c3 Ne6 16. Kg2 Bb6 17. Rae1 c6 18. Nf4 Na6 19. Bc4 Nxf4+ 20. gxf4
Nc7 21. Rd1 O-O 22. Rd7 Nd5 23. Kf3 Rfd8 24. Rxb7 Rab8 25. Rxb8 Rxb8 26. Re1
Kf8 27. Ke4 Rd8 28. Re2 g6 29. h4 h5 30. Bb3 Ne7 31. Ba4 Nf5 32. Rc2 c5 33. Bb5
a5 34. Bc4 Ke7 35. Bd5 Ba7 36. c4 Nxh4 37. Rc3 Nf5 38. Ra3 Bb6 39. Rd3 Nd4 40.
Ra3 Rb8 41. Rd3 h4 42. Rd2 Rh8 43. Rh2 h3 44. Ke3 Rh4 45. Be4 a4 46. Bd3 Ne6
47. f5 Nd4 48. fxg6 fxg6 49. Bxg6 Bc7 50. Be4 Bxe5 51. Rh1 h2 52. Bd5 Rg4 53.
Kf2 Kd6 54. Rd1 Rg1 55. Rxg1 hxg1=Q+ 56. Kxg1 Nc6 57. b3 axb3 58. axb3 Na5 59.
Kf2 Nxb3 60. Ke2 Na5 61. Kd3 Ke7 62. Ke4 Kf6 63. Bg8 Nc6 64. Bd5 Ne7 65. Bb7
Ke6 66. Ba6 Bd4 67. Bb7 Kd6 68. Kd3 Ke5 69. Be4 Kf4 70. Bh7 Nc6 71. Bg8 Nb4+
0-1

[Event "Championnat de Paris Open A"]
[Site "Paris"]
[Date "2012.07.08"]
[Round "2.46"]
[White "Swerdlin, Ryan"]
[Black "Leuly, Max"]
[Result "1/2-1/2"]
[WhiteElo "1943"]
[BlackElo "2100"]
[PlyCount "45"]
[EventDate "2012.??.??"]

1. d4 d5 2. c4 e6 3. Nf3 c5 4. cxd5 exd5 5. Nc3 Nc6 6. g3 Nf6 7. Bg2 Be7 8. Bg5
Be6 9. O-O O-O 10. Rc1 c4 11. e3 h6 12. Bxf6 Bxf6 13. b3 cxb3 14. axb3 Rc8 15.
Ne1 Be7 16. Nd3 Nb4 17. Nf4 Qd7 18. Qd2 Rfd8 19. Rfd1 Bg4 20. Re1 Be6 21. Red1
Bg4 22. Re1 Be6 23. Red1 1/2-1/2

[Event "Championnat de Paris Open A"]
[Site "Paris"]
[Date "2012.07.08"]
[Round "2.47"]
[White "Vasilescu, Victor"]
[Black "Meslage, Jean"]
[Result "1-0"]
[WhiteElo "2077"]
[BlackElo "1924"]
[PlyCount "77"]
[EventDate "2012.??.??"]

1. e4 e5 2. Nf3 Nf6 3. Nxe5 d6 4. Nf3 Nxe4 5. Nc3 Nxc3 6. dxc3 Be7 7. Be3 O-O
8. Qd2 Be6 9. Bd3 f6 10. Nd4 Bf7 11. O-O-O Nd7 12. Bf5 c6 13. Qd3 Ne5 14. Qe4
g6 15. Be6 Qa5 16. Kb1 d5 17. Qh4 Nc4 18. Rhe1 Qb6 19. Nb3 Qb5 20. Bc1 Bxe6 21.
Rxe6 Rf7 22. Rde1 g5 23. Qh5 Bf8 24. h4 gxh4 25. Qxh4 Bg7 26. Re8+ Rxe8 27.
Rxe8+ Rf8 28. Rxf8+ Kxf8 29. Qxh7 Qb6 30. Qf5 a5 31. Nd4 Kf7 32. Qd7+ Kg6 33.
Qg4+ Kf7 34. Qe6+ Kg6 35. Qg4+ Kf7 36. b3 Ne5 37. Qe6+ Kg6 38. f4 Nf7 39. f5+
1-0

[Event "Championnat de Paris Open A"]
[Site "Paris"]
[Date "2012.07.08"]
[Round "2.48"]
[White "Martin, Axel"]
[Black "Ponchel, Claude"]
[Result "1-0"]
[WhiteElo "2066"]
[BlackElo "1893"]
[PlyCount "81"]
[EventDate "2012.??.??"]

1. e4 e6 2. d4 d5 3. exd5 exd5 4. Nf3 Nc6 5. c4 Nf6 6. Be2 Be6 7. c5 Be7 8. O-O
O-O 9. a3 a5 10. Nc3 b6 11. cxb6 cxb6 12. Bf4 Ne4 13. Nb5 Nd6 14. Rc1 Rc8 15.
Qa4 Qd7 16. b3 Rfd8 17. Bg3 Qb7 18. Rfe1 Ne4 19. Bc7 Rd7 20. Ne5 Nxe5 21. Bxe5
Nd6 22. Bf4 Rdd8 23. Rxc8 Bxc8 24. Rc1 Bd7 25. Bxd6 Bxb5 26. Qxb5 Bxd6 27. a4
g6 28. g3 Qe7 29. Bf3 Ba3 30. Rc6 Qe1+ 31. Kg2 Bb2 32. Qxb6 Re8 33. Bxd5 Re7
34. Qb8+ Kg7 35. Qf4 Rd7 36. Qf6+ Kh6 37. Qh4+ Kg7 38. Qf6+ Kh6 39. Rd6 Re7 40.
Bf3 Rc7 41. Rd5 1-0

[Event "Championnat de Paris Open A"]
[Site "Paris"]
[Date "2012.07.08"]
[Round "2.50"]
[White "Vicente, Marcel"]
[Black "Mano, Francois"]
[Result "1/2-1/2"]
[WhiteElo "2064"]
[BlackElo "1894"]
[PlyCount "125"]
[EventDate "2012.??.??"]

1. c4 e5 2. Nc3 Nf6 3. e4 Nc6 4. g3 d6 5. h3 Nd4 6. Bg2 c6 7. Nge2 Be6 8. d3
Nxe2 9. Qxe2 Be7 10. O-O Qd7 11. Kh2 O-O 12. f4 exf4 13. gxf4 Qc7 14. Be3 Ne8
15. d4 f6 16. Rac1 Kh8 17. d5 Bg8 18. Qf2 c5 19. f5 a6 20. Ne2 b5 21. Nf4 Bf7
22. Qh4 Kg8 23. Ne6 Bxe6 24. dxe6 Rb8 25. b3 bxc4 26. Rxc4 Qa5 27. Rc2 Qb5 28.
Rc4 Qa5 29. Rf2 Qc7 30. Kh1 Rb4 31. Rxb4 cxb4 32. Bf3 Qc3 33. Bf4 Qe1+ 34. Kh2
a5 35. Bd2 Qa1 36. Bh5 Qd4 37. Bf7+ Rxf7 38. exf7+ Kxf7 39. Qh5+ Kf8 40. Qe2
Bd8 41. Bf4 Bb6 42. Rg2 d5 43. Rg3 Qxe4 44. Qxe4 dxe4 45. Kg2 Kf7 46. Kf1 g5
47. fxg6+ hxg6 48. Rg2 g5 49. Bb8 Ng7 50. Rc2 Ne6 51. Rc6 Bd8 52. Ra6 Nc5 53.
Ra7+ Ke6 54. Bc7 Bxc7 55. Rxc7 Nd3 56. Ra7 Ke5 57. Rxa5+ Kf4 58. a4 bxa3 59.
Rxa3 e3 60. Ra5 e2+ 61. Kxe2 Nc1+ 62. Kf2 Nxb3 63. Ra4+ 1/2-1/2

[Event "Championnat de Paris Open A"]
[Site "Paris"]
[Date "2012.07.08"]
[Round "2.51"]
[White "Lemerle, Alban"]
[Black "Parant, Pascal"]
[Result "1/2-1/2"]
[WhiteElo "2062"]
[BlackElo "1878"]
[PlyCount "71"]
[EventDate "2012.??.??"]

1. e4 c5 2. d3 g6 3. f4 Bg7 4. Nf3 Nc6 5. Be2 e6 6. O-O Nge7 7. Kh1 O-O 8. Qe1
Nd4 9. Bd1 d5 10. Nbd2 b6 11. e5 Nxf3 12. Rxf3 Nc6 13. Rh3 f6 14. Qh4 h6 15.
Nf3 fxe5 16. Qg3 exf4 17. Bxf4 Rxf4 18. Qxf4 e5 19. Qg3 Bxh3 20. Qxh3 Qe7 21.
Nh4 Kh7 22. Bf3 Rd8 23. Bg4 Rf8 24. Be6 Bf6 25. Bxd5 Nb4 26. Nxg6 Kxg6 27. Be4+
Kf7 28. c3 Na6 29. Rf1 Nc7 30. Qxh6 Rg8 31. Bh7 Rg7 32. g4 Ne6 33. h4 Nf4 34.
g5 Bxg5 35. hxg5 Qxg5 36. Qxg5 {=} 1/2-1/2

[Event "Championnat de Paris Open A"]
[Site "Paris"]
[Date "2012.07.08"]
[Round "2.52"]
[White "Larramendy, Pierre"]
[Black "Ducarmon, Renzo"]
[Result "0-1"]
[WhiteElo "1893"]
[BlackElo "2060"]
[PlyCount "44"]
[EventDate "2012.??.??"]

1. e4 c5 2. Nf3 d6 3. d4 cxd4 4. Nxd4 Nf6 5. Nc3 e6 6. g4 h6 7. Be3 Nc6 8. Bg2
Ne5 9. f3 Bd7 10. Qe2 a6 11. O-O-O b5 12. Qe1 Rc8 13. Kb1 Nc4 14. Bc1 Qc7 15.
b3 Nb6 16. Bb2 e5 17. Nf5 Bxf5 18. exf5 b4 19. Ne2 Qxc2+ 20. Ka1 Nfd5 21. Rc1
Ne3 22. Qxb4 Qxc1+ 0-1

[Event "Championnat de Paris Open A"]
[Site "Paris"]
[Date "2012.07.08"]
[Round "2.53"]
[White "Ainutdinov, Alexander"]
[Black "Dag, Bekhir"]
[Result "1/2-1/2"]
[WhiteElo "2054"]
[BlackElo "1886"]
[PlyCount "80"]
[EventDate "2012.??.??"]

1. e4 d5 2. exd5 Qxd5 3. Nc3 Qa5 4. d4 Nf6 5. Nf3 Bg4 6. h3 Bf5 7. Bd2 c6 8.
Bc4 e6 9. Qe2 Qc7 10. Bb3 Nbd7 11. Ne5 Nxe5 12. dxe5 Nd7 13. f4 O-O-O 14. O-O-O
Bb4 15. Rhf1 Nc5 16. g4 Bxc3 17. Bxc3 Rxd1+ 18. Kxd1 Be4 19. Bb4 Qd7+ 20. Qd2
Qxd2+ 21. Kxd2 Nxb3+ 22. cxb3 Bg2 23. Rg1 Bxh3 24. Ke1 h5 25. gxh5 Rxh5 26.
Rxg7 Bf5 27. Rxf7 Rh1+ 28. Kf2 Rh2+ 29. Kg3 Rxb2 30. Bd6 Rxa2 31. Rc7+ Kd8 32.
Rxb7 a5 33. Kh4 Rg2 34. Ra7 Bd3 35. f5 Bxf5 36. Rxa5 Kc8 37. Ra7 Kd8 38. b4
Rg4+ 39. Kh5 Rg2 40. Ra8+ Kd7 1/2-1/2